| Tag |
First Indicator |
Second Indicator |
Subfields |
| LEADER |
00000cam a2200000Ia 4500 |
| 001 |
in00002781441 |
| 006 |
m o d |
| 007 |
cr cn||||||||| |
| 008 |
120817s2012 ncu ob 001 0 eng d |
| 005 |
20250816203721.4 |
| 020 |
|
|
|a 9780822394709 (electronic bk.)
|
| 020 |
|
|
|a 0822394707 (electronic bk.)
|
| 020 |
|
|
|z 9780822350989 (cloth : alk. paper)
|
| 020 |
|
|
|z 082235098X (cloth : alk. paper)
|
| 020 |
|
|
|z 9780822351108 (pbk. : alk. paper)
|
| 020 |
|
|
|z 0822351102 (pbk. : alk. paper)
|
| 024 |
8 |
|
|a 9786613862679
|
| 035 |
|
|
|a (OCoLC)ocn806521130
|
| 035 |
|
|
|a (NhCcYBP)ebr10587968
|
| 035 |
|
|
|a (OCoLC)806521130
|
| 037 |
|
|
|a 386267
|b MIL
|
| 040 |
|
|
|a CDX
|c CDX
|d OCLCO
|d CUS
|d NDD
|d YDXCP
|d E7B
|d ZMC
|d LRU
|d OCLCQ
|d TXA
|d UtOrBLW
|
| 043 |
|
|
|a a-ii---
|
| 049 |
|
|
|a TXAM
|
| 050 |
|
4 |
|a HC440.P6
|b G858 2012eb
|
| 082 |
0 |
4 |
|a 302.3/50954
|2 23
|
| 100 |
1 |
|
|a Gupta, Akhil,
|d 1959-
|
| 245 |
1 |
0 |
|a Red tape :
|b bureaucracy, structural violence, and poverty in India /
|c Akhil Gupta.
|
| 264 |
|
1 |
|a Durham, N.C. :
|b Duke University Press,
|c 2012.
|
| 300 |
|
|
|a 1 online resource (xiii, 368 pages)
|
| 336 |
|
|
|a text
|b txt
|2 rdacontent
|
| 337 |
|
|
|a computer
|b c
|2 rdamedia
|
| 338 |
|
|
|a online resource
|b cr
|2 rdacarrier
|
| 500 |
|
|
|a "A John Hope Franklin Center book."
|
| 504 |
|
|
|a Includes bibliographical references and index.
|
| 505 |
0 |
0 |
|t Poverty as biopolitics --
|t "The state" and the politics of poverty --
|t Corruption, politics, and the imagined state --
|t Narratives of corruption --
|t "Let the paper train run" : bureaucratic writing as state practice --
|t Literacy, bureaucratic domination, and democracy --
|t Population and neoliberal governmentality.
|
| 520 |
|
|
|a "Red Tape presents a major new theory of the state developed by the renowned anthropologist Akhil Gupta. Seeking to understand the chronic and widespread poverty in India, the world's fourth largest economy, Gupta conceives of the relation between the state in India and the poor as one of structural violence. Every year this violence kills between two and three million people, especially women and girls, and lower-caste and indigenous peoples. Yet India's poor are not disenfranchised; they actively participate in the democratic project. Nor is the state indifferent to the plight of the poor; it sponsors many poverty amelioration programs."--Publisher's web page.
|
| 588 |
|
|
|a Description based on print version record.
|
| 500 |
|
|
|a Electronic resource.
|
| 650 |
|
0 |
|a Poverty
|x Government policy
|z India.
|
| 650 |
|
0 |
|a Public welfare
|z India.
|
| 650 |
|
0 |
|a Political corruption
|z India.
|
| 650 |
|
0 |
|a Bureaucracy
|z India.
|
| 655 |
|
7 |
|a Electronic books.
|2 local
|
| 710 |
2 |
|
|a ebrary, Inc.
|
| 776 |
0 |
8 |
|i Print version:
|a Gupta, Akhil, 1959-
|t Red tape.
|d Durham, N.C. : Duke University Press, 2012
|z 9780822350989
|z 082235098X
|z 9780822351108
|z 0822351102
|w (DLC) 2011053298
|w (OCoLC)769916218
|
| 856 |
4 |
0 |
|u https://ebookcentral.proquest.com/lib/tamucs/detail.action?docID=1173034
|y Connect to the full text of this electronic book
|t 0
|
| 948 |
|
|
|a cataloged
|b h
|c 2013/3/21
|d c
|e jlanham
|f 9:27:37 am
|
| 994 |
|
|
|a C0
|b TXA
|
| 999 |
f |
f |
|s b102ff94-caed-3cb9-907c-6a65e6176932
|i 31bf3e98-9592-344b-9ce2-81fab228efd6
|t 0
|
| 999 |
|
|
|a MARS
|
| 952 |
f |
f |
|a Texas A&M University
|b College Station
|c Electronic Resources
|d Available Online
|t 0
|e HC440.P6 G858 2012eb
|h Library of Congress classification
|
| 998 |
f |
f |
|a HC440.P6 G858 2012eb
|t 0
|l Available Online
|